| 000 | 00469pab a2200169 454500 | ||
|---|---|---|---|
| 008 | 180718b2004 xxu||||| |||| 00| 0 eng d | ||
| 100 | _aRaman, A.N. | ||
| 245 | _aContemporary developments in management accounting in manufacturing and service sector | ||
| 260 | _c2004 | ||
| 300 | _ap.834-37. | ||
| 362 | _a10 Oct | ||
| 650 | _aService industries | ||
| 650 | _aManufacturing industry | ||
| 650 | _aManagement | ||
| 773 | _aManagement Accountant | ||
| 909 | _a62884 | ||
| 999 |
_c62884 _d62884 |
||